000 01008nam0a2200289 4500
001 RU\NLR\bibl\1684420
005 20260406123543.0
010 _a978-5-17-057568-8
_bАСТ
010 _a978-5-271-28806-7
_bАстрель
010 _a978-5-226-02333-0
_92500
_bВКТ
021 _aRU
_b2010-65938
_94333
035 _a(NLR Aleph) 001675602
090 _a1068975
_c1068975
100 _a20101008d2010 |||y0rusy50 ca
101 1 _arus
_ceng
102 _aRU
105 _ay |||||||||
200 1 _aЛюбовь во спасение
_eроман
_fБарбара Картленд
_g[пер. с англ. Ю.А. Кряклиной]
210 _aМосква
_cАСТ
_cАстрель
_aВладимир
_cВКТ
_d2010
215 _a221, [1] с.
_d17
225 1 _aмини ШАРМ
700 1 _4070
_8rus
_7ca
_aКартланд
_bБ.
_f1901-2000
_gБарбара
_3RU\NLR\auth\77841
_9110879
801 0 _aRU
_bNLR
_c20101008
_gRCR
801 1 _aRU
_bNLR
_c20101008
942 _cBOOK
980 _aNB